Tous les artistes de la mi-temps du SuperBowl - Statistiques

Statistiques générales
  • Ce quiz a été pris 276 fois
    114 depuis la dernière actualisation
  • Le résultat moyen est 12 sur 60
Statistiques - réponses
Années Artistes % Correct
2025 Kendrick Lamar
99%
2020 Jennifer Lopez et Shakira avec Bad Bunny, J Balvin et Emme Muñiz
98%
2016 Coldplay avec Beyoncé, Bruno Mars, Mark Ronson Gustavo Dudamel
84%
2022 Dr. Dre, Snoop Dogg, Eminem, Mary J. Blige et Kendrick Lamar avec 50 Cent et Anderson .Paak
84%
2023 Rihanna
82%
1993 Michael Jackson
75%
2013 Beyoncé avec Destiny's Child
69%
2017 Lady Gaga
64%
2011 Black Eyed Peas avec Usher, Slash
61%
2024 Usher
57%
2014 Bruno Mars avec Red Hot Chili Peppers
56%
2015 Katy Perry avec Lenny Kravitz, Missy Elliott
47%
2012 Madonna avec LMFAO, Nicki Minaj, M.I.A., Cee Lo Green
43%
2004 Janet Jackson, P. Diddy, Nelly, Kid Rock, Justin Timberlake, Spirit of Houston, Ocean of Soul
41%
2021 The Weeknd
40%
2007 Prince avec Florida A&M University Marching 100 Band
37%
2018 Justin Timberlake
36%
2019 Maroon 5 avec Travis Scott, Big Boi
36%
2002 U2
30%
2006 The Rolling Stones
24%
2001 Aerosmith, 'N Sync, Britney Spears, Mary J. Blige, Nelly
17%
2005 Paul McCartney
13%
2009 Bruce Springsteen et le E Street Band, The Miami Horns
8%
2010 The Who
8%
2000 Phil Collins, Christina Aguilera, Enrique Iglesias, Toni Braxton
7%
1999 Gloria Estefan, Stevie Wonder, Big Bad Voodoo Daddy
6%
2003 Shania Twain, No Doubt, Sting
6%
1997 The Blues Brothers (Dan Aykroyd, John Goodman et James Belushi) ZZ Top, James Brown
5%
1996 Diana Ross
3%
1998 Boyz II Men, Smokey Robinson, Martha Reeves, The Temptations, Queen Latifah, Royal Caribbean International, Celebrity Cruises
2%
1995 Patti Labelle, Indiana Jones & Marion Ravenwood, Teddy Pendergrass, Tony Bennett, Arturo Sandoval
2%
2008 Tom Petty & the Heartbreakers
2%
1990 Pete Fountain, Doug Kershaw, Irma Thomas
1%
1992 Gloria Estefan
1%
1979 Ken Hamilton
1%
1991 New Kids on the Block
1%
1978 Tyler Apache Belles Drill Team, Apache Band, Pete Fountain, Al Hirt
1%
2026 Bad Bunny avec Lady Gaga, Ricky Martin et Los Pleneros de la Cresta
0%
1970 Carol Channing, Southern University Marching Band
0%
1988 Chubby Checker
0%
1994 Clint Black, Tanya Tucker, James Travis Tritt, The Judds
0%
1972 Ella Fitzgerald, Carol Channing, Al Hirt
0%
1989 Elvis Presto
0%
1969 Florida A&M University, Miami area High School Bands
0%
1987 George Burns
0%
1968 Grambling State University Marching Band
0%
1983 Los Angeles Super Drill Team
0%
1977 Los Angeles Unified All-City Band
0%
1975 Mercer Ellington, Grambling State University Marching Bands
0%
1971 Southeast Missouri State Marching Band, Up with People
0%
1981 Southern University Marching Band, Helen O'Connell
0%
1985 Tops In Blue
0%
1967 University of Arizona Symphonic Marching Band, Grambling State University Marching Band, Al Hirt
0%
1984 University of Florida, Florida State University Marching Bands
0%
1973 University of Michigan Marching Band, Woody Herman, Andy Williams
0%
1974 University of Texas Longhorn Band, Judy Mallett (Miss Texas 1973)
0%
1986 Up with People
0%
1982 Up with People
0%
1976 Up with People
0%
1980 Up with People, Grambling State University Marching Bands
0%
Aucun quiz correspondant
Distribution des résultats
% des personnes avec chaque résultat
Percentile par nombre de réponses
Votre historique - résultats
Vous n’avez pas pris ce quiz depuis la dernière actualisation